El procedimiento de solución de controversias de la OMC. La experiencia de América Latina y el Caribe /

Este artículo analiza la trascendencia para la región latinoamericana del procedimiento de solución de controversias que, en 1994, aprobara el Acuerdo de Marrakech por el que se establece la Organización Mundial de Comercio (OMC). Su trascendencia proviene del aumento del volumen del comercio intern...

Full description

Bibliographic Details
Main Author: Biggs, Gonzalo
Format: Analitica de revista
Language:Spanish

MARC

LEADER 00000cab a2200000 a 4500
001 041889
003 UAHC_CL
005 20170803124630.0
008 050914b xx j 000 1 spa
040 |a UAHC_CL  |c UAHC_CL  |d UAHC_CL 
100 1 |a Biggs, Gonzalo 
245 1 3 |a El procedimiento de solución de controversias de la OMC. La experiencia de América Latina y el Caribe /  |c Gonzalo Biggs. 
500 |a En: Revista de la CEPAL, nû86, 2005. p.63-85. ISSN 0252-0257 
500 |a En: Revista de la CEPAL, n°86, 2005. p.63-85. ISSN 0252-0257 
500 |a En: Revista de la CEPAL, nç86, 2005. p.63-85. ISSN 0252-0257 
520 |a Este artículo analiza la trascendencia para la región latinoamericana del procedimiento de solución de controversias que, en 1994, aprobara el Acuerdo de Marrakech por el que se establece la Organización Mundial de Comercio (OMC). Su trascendencia proviene del aumento del volumen del comercio internacional de la región y el incremento consiguiente de las controversias comerciales en que participa. El procedimiento se aplica a las controversias entre algunos de los 148 países miembros respecto de las materias que abarca dicho Acuerdo y los 29 acuerdos multilaterales conexos que son su parte integrante. Destaca sus diferencias con las anteriores normas del GATT y los demás procedimientos de solución de controversias internacionales. Describe los acuerdos que han generado el mayor número de controversias -antidumping, de subvenciones y medidas compensatorias, y de salvaguardias-, comenta la política de Estados Unidos y detalla las controversias en que han participado los países latinoamericanos, con especial referencia a la experiencia de Brasil. 
520 |a Este artículo analiza la trascendencia para la región latinoamericana del procedimiento de solución de controversias que, en 1994, aprobara el Acuerdo de Marrakech por el que se establece la Organización Mundial de Comercio (OMC). Su trascendencia proviene del aumento del volumen del comercio internacional de la región y el incremento consiguiente de las controversias comerciales en que participa. El procedimiento se aplica a las controversias entre algunos de los 148 países miembros respecto de las materias que abarca dicho Acuerdo y los 29 acuerdos multilaterales conexos que son su parte integrante. Destaca sus diferencias con las anteriores normas del GATT y los demás procedimientos de solución de controversias internacionales. Describe los acuerdos que han generado el mayor número de controversias -antidumping, de subvenciones y medidas compensatorias, y de salvaguardias-, comenta la política de Estados Unidos y detalla las controversias en que han participado los países latinoamericanos, con especial referencia a la experiencia de Brasil. 
520 |a Este artÌculo analiza la trascendencia para la regiÛn latinoamericana del procedimiento de soluciÛn de controversias que, en 1994, aprobara el Acuerdo de Marrakech por el que se establece la OrganizaciÛn Mundial de Comercio (OMC). Su trascendencia proviene del aumento del volumen del comercio internacional de la regiÛn y el incremento consiguiente de las controversias comerciales en que participa. El procedimiento se aplica a las controversias entre algunos de los 148 paÌses miembros respecto de las materias que abarca dicho Acuerdo y los 29 acuerdos multilaterales conexos que son su parte integrante. Destaca sus diferencias con las anteriores normas del GATT y los dem·s procedimientos de soluciÛn de controversias internacionales. Describe los acuerdos que han generado el mayor número de controversias -antidumping, de subvenciones y medidas compensatorias, y de salvaguardias-, comenta la polÌtica de Estados Unidos y detalla las controversias en que han participado los paÌses latinoamericanos, con especial referencia a la experiencia de Brasil. 
759 |a PP139 
773 0 |t Revista de psicología  |w 042475 
900 |a REVISTA DE LA CEPAL-85/05 
942 |c REVA 
952 |0 0  |1 0  |4 0  |6 REVISTA_DE_LA_CEPAL85_05_000000000000000  |7 0  |8 General  |9 78497  |a BC  |b BC  |c General  |d 2017-08-03  |l 0  |o REVISTA DE LA CEPAL-85/05  |p FICTICIO7307  |r 2019-01-08 00:00:00  |t 1  |w 2017-08-03  |y REVA 
999 |c 41889  |d 41889